Burza dvojmesačník Burzy cenných papierov v Bratislave

Salvato in:
Dettagli Bibliografici
Natura: Periodico
Lingua:slovacco
inglese
Pubblicazione: Bratislava Burza cenných papierov v Bratislave 1997
Soggetti:
Tags: Aggiungi Tag
Nessun Tag, puoi essere il primo ad aggiungerne!!

MARC

LEADER 00000nas2a2200000 4500
001 s121233
005 20230426110755.3
022 |a 1335-1435 
041 0 |a slo 
041 0 |a eng 
044 |a SK 
245 1 0 |a Burza  |b dvojmesačník Burzy cenných papierov v Bratislave 
264 1 |a Bratislava  |b Burza cenných papierov v Bratislave  |c 1997 
300 |a 1 zv. 
773 0 |w eu_un_cat*s120006 
610 2 0 |a burzy 
610 2 0 |a papiere cenné 
610 2 0 |a trh kapitálový 
610 2 0 |a trh finančný